Using Quicken : IBM version
That's what this book is really about making better financial decisions using financial information - financial information that Quiken can help you collect, store, and use.
में बचाया:
| मुख्य लेखक: | |
|---|---|
| स्वरूप: | पुस्तक |
| भाषा: | Undetermined |
| प्रकाशित: |
Carmel
Que
1990
|
| विषय: | |
| टैग : |
टैग जोड़ें
कोई टैग नहीं, इस रिकॉर्ड को टैग करने वाले पहले व्यक्ति बनें!
|
| Thư viện lưu trữ: | Trung tâm Học liệu Trường Đại học Cần Thơ |
|---|
| LEADER | 00840nam a2200217Ia 4500 | ||
|---|---|---|---|
| 001 | CTU_218526 | ||
| 008 | 210402s9999 xx 000 0 und d | ||
| 082 | |a 658.150285 | ||
| 082 | |b N431 | ||
| 100 | |a Nelson, Stephen L. | ||
| 245 | 0 | |a Using Quicken : | |
| 245 | 0 | |b IBM version | |
| 245 | 0 | |c Stephen Nelson | |
| 260 | |a Carmel | ||
| 260 | |b Que | ||
| 260 | |c 1990 | ||
| 520 | |a That's what this book is really about making better financial decisions using financial information - financial information that Quiken can help you collect, store, and use. | ||
| 650 | |a Kế toán,Xử lí dữ liệu,Small business,Accounting,Kinh doanh nhỏ | ||
| 650 | |x Chương trình máy tính,Finance,Computer programs,Data processing,Tài chính | ||
| 904 | |i Qhieu | ||
| 980 | |a Trung tâm Học liệu Trường Đại học Cần Thơ | ||